Регионална библиотека "Любен Каравелов" - Русе

От нищо не ме е страх (Запис номер 519521)

MARC детайли
000 -Лидер
Лидер 01106nam a2200289 a 4500
003 - Код на организацията, давaща контролен номер
Код на организацията, даваща контролен номер BLK
005 - Дата и час на последна редакция
Дата и час на последна редакция 20250802145159.0
007 - Фиксирано поле за физическо описани
Физическо описание ta
008 - Елементи от данни с фиксирана дължина
Елементи с фиксирана дължина 241016b bu |||||r|||| 00| | bu d
020 ## - Международен стандартен номер на книга ISBN
ISBN 9786197268270
040 ## - Източник на каталожния запис
Код на библиотеката BLK
041 ## - Код за език
Език Български
Език за КДБФ Български
080 ## - УДК
9 (RLIN) 227197
УДК текст Белгийска литература
УДК код 821.133.1(493)
УДК – определител -93-32
УДК – код + определител 821.133.1(493)-93-32
084 ## - Класификационен индекс по друга класификация
Авторски знак Дър - Д 96
100 ## - Редна дума - Автор
R(LIN) 495439
Автор Дьо Бел, Мод
245 ## - Сведения за заглавието
Заглавие От нищо не ме е страх
Авторска отговорност Мод дьо Бел ; ил. Кантен Гребан ; прев. Бела Чолакова
260 ## - Област на издателските данни
9 (RLIN) 220489
Място на издаване София
Име на издателя Дъбови листа
Година на издаване 2024
300 ## - Физическа характеристика
Брой страници 26 с.
Илюстрации с ил.
Размер 32 см
380 ## - Жанр
Жанр Детска худож. лит.
500 ## - Общи забележки
Обща забележка Ориг. загл. Peur de rien! / Maude De Bel
700 ## - Други автори (авторска отговорност)
9 (RLIN) 452728
Друг автор Гребан, Кантен
700 ## - Други автори (авторска отговорност)
9 (RLIN) 394399
Друг автор Чолакова, Бела
Пълното име на др. автор Чолакова, Белослава Славчева
852 ## - Местоположение
Отдел Детски отдел
Систематично-азбучна сигнатура 821-93/Д 96 М
856 ## - Електронен адрес и достъп
Инструкция (цена за достъп) 0.00
Права за достъп disable
942 ## - АРТИКУЛИ
Вид на библиотечния документ Книги
Скрит в OPAC Не
Koha issues (borrowed), all copies 11
944 ## - СЪЗДАВАНЕ И РЕДАКЦИЯ на ЗАПИСА
Създаване/Редакция
Дата на регистрацията/редакция Геновева Генчева
Служител, извършил регистрацията/редакцията 30543
Номер на служител Ива Цветкова
999 ## - СИСТЕМНИ КОНТРОЛНИ НОМЕРА
Koha biblionumber 519521
Koha biblioitemnumber 519521
Наличности
Код за отписване Код за изгубен артикул Източник на класификационната схема Код за повреда Код за отдаване Артикулен № Име на библиотеката - собственик Име на библиотеката, в която се намира в момента Статус (Текущо местоположение) Дата на вписване в системата Местоположение - отдел Цена в лева Инвентарен номер Систематично азбучна сигнатура Баркод Цена в евро Служебен тип на артикула
  Не е изгубен Universal Decimal Classification Не е повреден заемане за дома 952187 Регионална библиотека "Любен Каравелов" Русе Регионална библиотека "Любен Каравелов" Русе Детски отдел 2024-10-16 Детски отдел 20.18 120000914043 821-93/Д 96 М 120000914043 10.32 Книги
  Не е изгубен Universal Decimal Classification Не е повреден заемане за дома 952188 Регионална библиотека "Любен Каравелов" Русе Регионална библиотека "Любен Каравелов" Русе Детски отдел 2024-10-16 Детски отдел 20.18 120000914042 821-93/Д 96 М 120000914042 10.32 Книги
Vip Innovations Ltd, Rousse, Bulgaria 2025